Software product lines : (رقم التسجيلة. 31931)
[ عرض عادي ]
| 000 -الفاتح | |
|---|---|
| حقل البيانات ثابتة الطول | 01073cam a22002894a 4500 |
| 001 - رقم الضبط | |
| رقم الضبط | 12378946 |
| 003 - محدد رقم الضبط | |
| رقم الضبط | OSt |
| 005 - وقت وتاريخ اخر تعامل مع التسجيلة | |
| رقم الضبط | 20150408114150.0 |
| 008 - عناصر البيانات ثابتة الطول - معلومات عامة | |
| حقل البيانات ثابتة الطول | 010413s2002 maua b 001 0 eng |
| 010 ## - رقم ضبط مكتبة الكونجرس | |
| رقم ضبط مكتبة الكونجرس | 2001035285 |
| 020 ## - الرقم الدولى المعيارى للكتب | |
| الرقم الدولى المعيارى للكتاب | 0201703327 |
| 040 ## - مصدر الفهرسة | |
| وكالة الفهرسة الأصلية | DLC |
| وكالة النسخ | DLC |
| وكالة التعديل | DLC |
| 042 ## - رمز التحقق | |
| رمز التحقق | pcc |
| 050 00 - رقم طلب مكتبة الكونجرس | |
| رقم التصنيف | QA76.76.D47 |
| رقم المادة | C58 2002 |
| 082 00 - رقم تصنيف ديوى العشرى | |
| رقم التصنيف | 005.1 |
| رقم الطبعة | 21 |
| رقم المادة | CPS |
| 100 1# - المدخل الرئيسى - إسم شخصى | |
| الإسم الشخصى | Clements, Paul, |
| التواريخ المصاحبة للاسم | 1955- |
| 9 (RLIN) | 39408 |
| 245 10 - بيان العنوان | |
| العنوان | Software product lines : |
| بقية العنوان | practices and patterns / |
| بيان المسئوليه,etc | Paul Clements, Linda Northrop. |
| 260 ## - PUBLICATION, DISTRIBUTION, ETC. (IMPRINT) | |
| مكان الناشر او الموزع | Boston : |
| اسم الناشر او الموزع | Addison-Wesley, |
| تاريخ النشر أو التوزيع | c2002. |
| 300 ## - الوصف المادى | |
| التعداد | xxx, 563 p. : |
| تفاصيل ماديه اخرى للوعاء | ill. ; |
| أبعاد الوعاء | 24 cm. |
| 440 #4 - بيان السلسلة/مدخل إضافى-العنوان | |
| العنوان | The SEI series in software engineering |
| 9 (RLIN) | 39471 |
| 504 ## - تبصرة ببليوجرافية | |
| تبصرة ببليوجرافية,الخ | Includes bibliographical references. |
| 650 #0 - المدخل الاضافى بالموضوع-مصطلح موضوعى | |
| مصطلح موضوعي أو اسم جغرافي كعنصر مدخل | Computer software |
| التقسيم الفرعي العام | Development. |
| 700 1# - المدخل الاضافى - اسم شخصى | |
| الإسم الشخصى | Northrop, Linda. |
| 9 (RLIN) | 39472 |
| 906 ## - عنصر بيانات محلى F, LDF (RLIN) | |
| a | 7 |
| b | cbc |
| c | orignew |
| d | 1 |
| e | ocip |
| f | 20 |
| g | y-gencatlg |
| 942 ## - عناصر المدخل الإضافي( كوها) | |
| مصدر التصنيف او مخطط الترفيف | Dewey Decimal Classification |
| Koha [default] item type | كتاب |
| حالة الفقد | نموذج السعر الفعال | حالة تلف | ليس للاعارة | رقم الطلب | تاريخ الاكتساب | الموقع الحالي | الباركود | الفرع الرئيسي | Date last seen | نوع المادة فى نظام كوها | مصدر التصنيف او خطة الترفيف | Total Checkouts |
|---|---|---|---|---|---|---|---|---|---|---|---|---|
| 2013-11-12 | 005.1 CPS | 2013-11-12 | المكتبة المركزية بالمجمعة (CL) | 00651153 | المكتبة المركزية بالمجمعة (CL) | 2013-11-12 | كتاب | Dewey Decimal Classification | ||||
| 2013-11-12 | 005.1 CPS | 2013-11-12 | المكتبة المركزية بالمجمعة (CL) | 00651154 | المكتبة المركزية بالمجمعة (CL) | 2013-11-12 | كتاب | Dewey Decimal Classification | ||||
| 2013-11-12 | 005.1 CPS | 2013-11-12 | المكتبة المركزية بالمجمعة (CL) | 00651155 | المكتبة المركزية بالمجمعة (CL) | 2013-11-12 | كتاب | Dewey Decimal Classification | ||||
| 2013-11-12 | 005.1 CPS | 2013-11-12 | مكتبة مجمع الكليات بالزلفى - طلاب (SZM) | 00651156 | مكتبة مجمع الكليات بالزلفى - طلاب (SZM) | 2013-11-12 | كتاب | Dewey Decimal Classification | ||||
| 2013-11-12 | 005.1 CPS | 2013-11-12 | مكتبة مجمع الكليات بالزلفى - طلاب (SZM) | 00651157 | مكتبة مجمع الكليات بالزلفى - طلاب (SZM) | 2013-11-12 | كتاب | Dewey Decimal Classification | ||||
| 2013-11-12 | 005.1 CPS | 2013-11-12 | مكتبة مجمع الكليات بالزلفى - طلاب (SZM) | 00651158 | مكتبة مجمع الكليات بالزلفى - طلاب (SZM) | 2013-11-12 | كتاب | Dewey Decimal Classification |
